[Event "Moscow City Team-ch"]
[Site "Moscow"]
[Date "2021.09.13"]
[Round "3"]
[White "Lyutsinger, Iren"]
[Black "Iakushkov, Pavel"]
[Result "1-0"]
[WhiteElo "1779"]
[BlackElo "1811"]
[PlyCount "97"]
[EventDate "2021.09.11"]
[EventType "team-swiss"]
[EventRounds "7"]
[EventCountry "RUS"]
[SourceTitle "EXT 2022"]
[Source "ChessBase"]
[SourceDate "2021.10.06"]
[SourceVersion "1"]
[SourceVersionDate "2021.10.06"]
[SourceQuality "1"]

1. e4 c5 2. Nc3 Nc6 3. g3 g6 4. Bg2 Bg7 5. d3 d6 6. f4 e6 7. Nf3 Nge7 8. 0-0 0-0 9. Be3 b6 10. Rb1 d5 11. Bf2 Ba6 12. e5 Qc7 13. Ne2 Rac8 14. g4 Rfd8 15. Re1 d4 16. Nd2 g5 17. fxg5 Nxe5 18. Bg3 Qd7 19. Nf4 N5g6 20. Nh5 Nd5 21. Ne4 Qe7 22. Nxg7 Kxg7 23. h4 Bb7 24. Qf3 e5 25. Bf2 Ngf4 26. Ng3 Kg8 27. Nf5 Qc7 28. Bh1 Ba8 29. Qg3 Re8 30. Be4 c4 31. dxc4 Nb4 32. Qf3 Bxe4 33. Qxe4 Nh3+ 34. Kg2 Nxf2 35. Kxf2 Rcd8 36. a3 Na6 37. b4 Qxc4 38. Nh6+ Kg7 39. Kg1 Qd5 40. Qd3 Nc7 41. Rf1 Rd7 42. Rf5 Ne6 43. Rbf1 Nd8 44. Qe2 Re6 45. Qf2 Rc6 46. Rf6 Rc3 47. h5 Qe4 48. Rxf7+ Nxf7 49. Qxf7+ 1-0

[Event "Moscow City Team-ch"]
[Site "Moscow"]
[Date "2021.09.11"]
[Round "1"]
[White "Khudyakov, Stanislav"]
[Black "Iakushkov, Pavel"]
[Result "1-0"]
[WhiteElo "2284"]
[BlackElo "1811"]
[PlyCount "63"]
[EventDate "2021.09.11"]
[EventType "team-swiss"]
[EventRounds "7"]
[EventCountry "RUS"]
[SourceTitle "EXT 2022"]
[Source "ChessBase"]
[SourceDate "2021.10.06"]
[SourceVersion "1"]
[SourceVersionDate "2021.10.06"]
[SourceQuality "1"]

1. d4 d5 2. c4 e6 3. Nc3 Nf6 4. cxd5 exd5 5. Bg5 c6 6. Qc2 Nbd7 7. e3 h6 8. Bh4 Be7 9. Bd3 Nh5 10. Bxe7 Qxe7 11. Nge2 Nhf6 12. 0-0 0-0 13. Rab1 a5 14. Ng3 Nb6 15. Rfe1 Be6 16. Qb3 Qb4 17. Qd1 Qd6 18. a3 Rfd8 19. h3 Qd7 20. b4 Nc4 21. Bxc4 dxc4 22. Na4 Qc7 23. Nc5 Bc8 24. Qc2 b6 25. Nce4 Nxe4 26. Nxe4 Be6 27. b5 Bd5 28. Nc3 Rd6 29. e4 Be6 30. bxc6 Rf8 31. d5 Bc8 32. Nb5 1-0